[Event "Stay Safe Play From Home 214"]
[Site "T#646695Emanuel Laske"]
[Date "2020.06.10"]
[Round "1"]
[White "Mepe_Nika"]
[Black "Patzeroglu"]
[Result "1-0"]
[WhiteElo "2354"]
[BlackElo "1984"]
[Annotator "TA"]
[PlyCount "89"]
[EventDate "2020.06.10"]
[EventType "swiss (blitz)"]

{[%evp 9,88,13,20,14,71,12,27,41,70,63,67,61,89,90,136,72,138,135,135,136,142,116,418,427,425,418,472,471,470,466,463,458,532,527,602,591,565,491,696,635,695,471,476,468,685,682,926,924,903,916,29971,12512,29984,29985,29986,29987,29990,29991,29991,29991,29991,29991,29991,29991,29991,29992,29993,29992,29993,29994,29994,29995,29997,29998,29998,29997,29997,29998,29998,29999,29999]} 1. d4 Nf6 2. Bf4 e6 3. e3 d5 4. c4 Bd6 5. Bxd6 cxd6 6. Nc3 {D00: 1 d4 d5: Unusual lines.} O-O (6... dxc4 $11 7. Bxc4 O-O) 7. Nf3 (7. cxd5 $16 Nxd5 8. Nxd5 exd5 9. Bd3) 7... Nbd7 8. cxd5 {White has an edge.} exd5 9. Bd3 {[#]} Re8 $146 ({Predecessor:} 9... Nb6 10. h3 Re8 11. Nd2 Bd7 12. O-O Bc6 13. a4 Rc8 14. Qb3 a6 15. a5 Nbd7 {1-0 (51) Cyborowski,L (2565)-Jakubowski,K (2492) Warsaw 2004}) 10. O-O Nf8 11. Qb3 Be6 12. Ng5 ({Better is} 12. Qxb7 Qd7 13. Qa6) 12... b6 (12... Re7 $142) 13. Nxe6 fxe6 14. Rac1 Qe7 15. Nb5 {Threatens to win with Nc7.} Ne4 $2 {[%mdl 8192] Now Black is done in.} (15... Rec8 $16 {is more resistant.} 16. Rxc8 Rxc8) 16. Bxe4 $18 dxe4 17. Nc7 {[%mdl 64] [#] Double Attack} Ng6 18. Nxa8 Rxa8 19. Rc6 Rf8 20. Rfc1 h6 21. Rc8 Rxc8 22. Rxc8+ {[%mdl 4096] Endgame KQR-KQN} Kh7 23. Qc2 Qh4 (23... d5 $142 24. Rc7 Qg5 25. Rxa7 Nh4) 24. h3 d5 25. Rc7 Qg5 26. Qe2 Nh4 (26... e5 $142 27. Qg4 Qf6 28. dxe5 Nxe5) 27. Qg4 Nf5 28. Qxg5 hxg5 29. Rxa7 Nxd4 30. exd4 {KR-KP} e3 31. fxe3 {White mates.} e5 32. dxe5 d4 33. exd4 g4 34. hxg4 {KR-KPP} Kg6 35. Rb7 b5 36. Rxb5 {KR-KP} Kg5 37. a4 Kf4 38. a5 g5 39. a6 Kg3 40. a7 Kh4 41. a8=Q Kg3 42. Qf8 Kh4 43. Qf2+ Kxg4 44. Qf3+ Kh4 45. Qh3# {Accuracy: White = 76%, Black = 19%.} 1-0

[Event "Stay Safe Play From Home 214"]
[Site "T#646695Emanuel Laske"]
[Date "2020.06.10"]
[Round "1"]
[White "Toosieslide"]
[Black "Grizzzly"]
[Result "1-0"]
[WhiteElo "2220"]
[BlackElo "1756"]
[Annotator "TA"]
[PlyCount "95"]
[EventDate "2020.06.10"]
[EventType "swiss (blitz)"]

{[%evp 20,95,0,0,59,15,14,14,16,20,46,0,57,24,26,0,0,-50,-16,-3,431,447,431,442,444,405,608,612,601,601,740,537,586,588,593,595,593,578,592,564,607,565,562,535,704,695,681,483,481,478,488,469,481,470,429,77,77,-96,29985,29986,29989,29990,29990,29987,29991,29992,29992,29988,29991,29992,29994,29991,29993,29992,29993,29992,29993,29991]} 1. d4 e6 2. c4 d5 3. Nc3 Nf6 4. cxd5 exd5 5. Bg5 Nbd7 6. e3 c6 7. Bd3 Be7 8. Qc2 O-O 9. Nge2 Re8 10. f3 h6 11. Bh4 Bf8 {D36: Queen's Gambit Declined: Exchange Variation: Main line (5 Bg5 c6 6 Qc2).} ({Better is} 11... Bd6 $11) 12. Bf2 c5 13. O-O cxd4 {[#] The position is equal.} 14. Nxd4 $146 ({Predecessor:} 14. exd4 Nb6 15. a4 Be6 16. Nf4 Rc8 17. Nxe6 fxe6 18. Bg6 Re7 19. Rfe1 Nc4 20. b3 {1-0 (49) Grigoryan,K (2632)-Lu,S (2611) Roquetas de Mar 2020}) 14... Ne5 15. Be2 Qc7 ({Black should try} 15... a6 $11) 16. Rad1 a6 17. Qd2 b5 18. Nb3 Be6 19. Bg3 $36 {[%mdl 2048] White has good play.} Nc4 $2 {[%mdl 8192] [#]} (19... Rad8 $11 {and Black has nothing to worry.}) 20. Bxc7 $18 Nxd2 21. Rxd2 ({Less strong is} 21. Nxd2 Bc5 $18) 21... Bb4 22. a3 Rac8 (22... Bxc3 $142 23. bxc3 Rac8) 23. axb4 Rxc7 24. Nc5 Nd7 25. Nxd7 Bxd7 26. Nxd5 Rc6 27. Rfd1 Be6 28. Nc3 Bb3 29. Rc1 Bc4 30. Bxc4 Rxc4 31. Rd4 Rec8 32. Rxc4 Rxc4 {[%mdl 4096] Endgame KRN-KR} 33. Kf2 Rxb4 34. Rc2 a5 35. Rd2 a4 36. Kg3 Rb3 37. Rd5 $2 (37. Rc2 $18) 37... a3 $16 38. Rxb5 $2 (38. bxa3 $16 {stays on course.} Rxc3 39. Rxb5) 38... axb2 $2 {[%mdl 8192] [#]} (38... Rxb5 $17 39. bxa3 Rg5+ 40. Kf2 Rc5) 39. Rxb3 {White mates.} b1=Q 40. Rxb1 Kh7 41. Rb8 g6 42. Nd5 h5 43. Ne7 h4+ 44. Kxh4 Kh6 45. Kg3 g5 46. Kf2 f5 47. g3 g4 48. f4 {Accuracy: White = 37%, Black = 49%.} 1-0

[Event "Stay Safe Play From Home 214"]
[Site "T#646695Emanuel Laske"]
[Date "2020.06.10"]
[Round "1"]
[White "Lamborghini"]
[Black "Lucknow"]
[Result "1-0"]
[WhiteElo "2156"]
[BlackElo "1904"]
[Annotator "TA"]
[PlyCount "75"]
[EventDate "2020.06.10"]
[EventType "swiss (blitz)"]

{[%evp 22,75,37,6,13,11,27,18,19,21,110,15,21,-1,-6,-63,-29,-29,-27,-37,-12,-20,-19,-38,-24,-29,-27,-27,0,-31,-22,-63,-16,-62,-18,-42,-41,-55,-32,-74,-33,-60,-37,-81,0,0,0,0,0,-40,0,0,16,24,27,-63]} 1. e4 c5 2. Nf3 d6 3. d4 cxd4 4. Nxd4 Nf6 5. Nc3 g6 6. Be3 Bg7 7. f3 O-O 8. Qd2 Nc6 9. Bc4 Qa5 10. Bb3 Nxd4 11. Bxd4 Be6 12. O-O Rac8 {B77: Sicilian Dragon: Yugoslav Attack, 9 Bc4 sidelines.} 13. Rfe1 {[#]} Rfd8 $146 ({Predecessor:} 13... Nd7 14. Bxg7 Kxg7 15. Qd4+ Kg8 16. Nd5 Rfe8 17. c3 Qc5 18. Ba4 Qxd4+ 19. cxd4 Rc4 20. Bxd7 Bxd7 {½-½ (37) Faber,H (2174)-Nicholls,M (1902) ICCF email 2005}) 14. Kh1 a6 {The position is equal.} 15. Rad1 Nd7 (15... Ne8 $11 {keeps the balance.}) 16. Bxg7 (16. Nd5 $16 Qxd2 17. Nxe7+ {[%mdl 64] Double Attack} Kf8 18. Bxg7+ (18. Rxd2 Bh6 $16) 18... Kxg7 19. Rxd2) 16... Kxg7 $11 17. Bxe6 (17. a3 {seems wilder.} Nf6 18. Qe3 Qc7 19. Kg1 h6 20. g3) 17... fxe6 18. Ne2 ({White should play} 18. a3 $11) 18... Qxd2 (18... Qxa2 {is more complex.} 19. Qg5 Nf6 20. f4 Qxb2 21. Nd4 Kf7) 19. Rxd2 e5 20. c3 Nf6 21. Red1 Rc5 22. b3 Rdc8 23. c4 b5 24. cxb5 Rxb5 25. g3 Rbc5 26. Kg2 R5c6 27. Kf2 a5 28. Ke3 g5 29. Rb1 Rc5 30. Rbb2 R8c7 31. Kd3 Kf7 (31... g4 $5 {[%cal Rg4f3]} 32. f4 Kf7 $15) 32. Rdc2 {[#]} Ke6 (32... Rxc2 $1 $17 33. Rxc2 Rxc2 34. Kxc2 g4 35. fxg4 Nxe4) 33. Rxc5 Rxc5 34. Nc3 Nd7 35. Nd5 Rc8 36. Rc2 Rxc2 37. Kxc2 Nc5 38. Kc3 {[%mdl 32768] Accuracy: White = 54%, Black = 59%. . Sensor Board Error (Ke4/e5)?} (38. a3 $11) 1-0

[Event "Stay Safe Play From Home 214"]
[Site "T#646695Emanuel Laske"]
[Date "2020.06.10"]
[Round "1"]
[White "Haxhi Baha"]
[Black "BrainThinker22"]
[Result "1-0"]
[WhiteElo "1929"]
[BlackElo "2299"]
[Annotator "NA RC"]
[PlyCount "139"]
[EventDate "2020.06.10"]
[EventType "swiss (blitz)"]

1. e4 {[%emt 0:00:01]} c6 {[%emt 0:00:00]} 2. Nf3 {[%emt 0:00:01]} d5 {[%emt 0:00:00]} 3. Nc3 {[%emt 0:00:00]} Bg4 {[%emt 0:00:01]} 4. h3 {[%emt 0:00:01]} Bxf3 {[%emt 0:00:01]} 5. Qxf3 {[%emt 0:00:00]} e6 {[%emt 0:00:00]} 6. d3 {[%emt 0:00:00]} Nf6 {[%emt 0:00:01]} 7. Bd2 {[%emt 0:00:01]} Be7 {[%emt 0:00:00]} 8. g4 {[%emt 0:00:01]} h6 {[%emt 0:00:01]} 9. O-O-O {[%emt 0:00:02]} Nbd7 {[%emt 0:00:01]} 10. Bg2 {[%emt 0:00:02]} d4 {[%emt 0:00:03]} 11. Ne2 {[%emt 0:00:01]} c5 {[%emt 0:00:01]} 12. Qg3 {[%emt 0:00:01]} Qb6 {[%emt 0:00:03]} 13. f4 {[%emt 0:00:01]} O-O-O {[%emt 0:00:02]} 14. Bf3 {[%emt 0:00:02]} Nb8 {[%emt 0:00:02]} 15. h4 {[%emt 0:00:03]} Nc6 {[%emt 0:00:01]} 16. h5 {[%emt 0:00:01]} a5 {[%emt 0:00:04]} 17. g5 {[%emt 0:00:02]} hxg5 {[%emt 0:00:01]} 18. fxg5 {[%emt 0:00:00]} Bd6 {[%emt 0:00:03]} 19. Bf4 {[%emt 0:00:04]} Bxf4+ {[%emt 0:00:01]} 20. Nxf4 {[%emt 0:00:04]} Nd7 {[%emt 0:00:01]} 21. h6 {[%emt 0:00:01]} gxh6 {[%emt 0:00:01]} 22. gxh6 {[%emt 0:00:01]} Rdg8 {[%emt 0:00:00]} 23. Qf2 {[%emt 0:00:01]} Nce5 {[%emt 0:00:02]} 24. h7 {[%emt 0:00:01]} Rg7 {[%emt 0:00:01]} 25. Rdg1 {[%emt 0:00:03]} Rgxh7 {[%emt 0:00:01]} 26. Rxh7 {[%emt 0:00:01]} Rxh7 {[%emt 0:00:00]} 27. Rg8+ {[%emt 0:00:01]} Kc7 {[%emt 0:00:00]} 28. a3 {[%emt 0:00:00]} Qd6 {[%emt 0:00:04]} 29. Ng2 {[%emt 0:00:03]} Rh2 {[%emt 0:00:02]} 30. Qg3 {[%emt 0:00:01]} Nxf3 {[%emt 0:00:01]} 31. Qxf3 {[%emt 0:00:01]} Rh1+ {[%emt 0:00:01]} 32. Kd2 {[%emt 0:00:01]} Ne5 {[%emt 0:00:01]} 33. Qf2 {[%emt 0:00:02]} Qe7 {[%emt 0:00:04]} 34. Nf4 {[%emt 0:00:01]} Rh6 {[%emt 0:00:02]} 35. Ne2 {[%emt 0:00:01]} Rf6 {[%emt 0:00:02]} 36. Qh4 {[%emt 0:00:02]} Qd6 {[%emt 0:00:00]} 37. Qxf6 {[%emt 0:00:02]} Nd7 {[%emt 0:00:00]} 38. Qxf7 {[%emt 0:00:01]} Kb6 {[%emt 0:00:00]} 39. Rg7 {[%emt 0:00:01]} Kc6 {[%emt 0:00:02]} 40. Qxd7+ {[%emt 0:00:01]} Qxd7 {[%emt 0:00:01]} 41. Rxd7 {[%emt 0:00:00]} Kxd7 {[%emt 0:00:00]} 42. e5 {[%emt 0:00:00]} Kc6 {[%emt 0:00:01]} 43. Nf4 {[%emt 0:00:00]} b5 {[%emt 0:00:01]} 44. b3 {[%emt 0:00:00]} b4 {[%emt 0:00:01]} 45. a4 {[%emt 0:00:00]} Kd7 {[%emt 0:00:01]} 46. Ke2 {[%emt 0:00:00]} Ke7 {[%emt 0:00:00]} 47. Kf3 {[%emt 0:00:00]} Kf7 {[%emt 0:00:00]} 48. Ke4 {[%emt 0:00:00]} Ke7 {[%emt 0:00:00]} 49. Ng6+ {[%emt 0:00:00]} Kd7 {[%emt 0:00:01]} 50. Nh4 {[%emt 0:00:00]} c4 {[%emt 0:00:00]} 51. dxc4 {[%emt 0:00:01]} Kc6 {[%emt 0:00:00]} 52. Kxd4 {[%emt 0:00:00]} Kd7 {[%emt 0:00:00]} 53. Ng6 {[%emt 0:00:00]} Kc6 {[%emt 0:00:00]} 54. Nf4 {[%emt 0:00:00]} Kb6 {[%emt 0:00:00]} 55. c5+ {[%emt 0:00:00]} Kc6 {[%emt 0:00:00]} 56. Nxe6 {[%emt 0:00:00]} Kb7 {[%emt 0:00:01]} 57. Kc4 {[%emt 0:00:00]} Kc8 {[%emt 0:00:00]} 58. Nd4 {[%emt 0:00:00]} Kd7 {[%emt 0:00:00]} 59. Kb5 {[%emt 0:00:00]} Ke7 {[%emt 0:00:00]} 60. Kxa5 {[%emt 0:00:00]} Kd8 {[%emt 0:00:00]} 61. Kxb4 {[%emt 0:00:00]} Ke8 {[%emt 0:00:00]} 62. Kb5 {[%emt 0:00:00]} Kf8 {[%emt 0:00:00]} 63. c6 {[%emt 0:00:00]} Kg7 {[%emt 0:00:00]} 64. c7 {[%emt 0:00:00]} Kh6 {[%emt 0:00:00]} 65. c8=Q {[%emt 0:00:00]} Kg5 {[%emt 0:00:00]} 66. Qf5+ {[%emt 0:00:01]} Kh4 {[%emt 0:00:00]} 67. Qg6 {[%emt 0:00:00]} Kh3 {[%emt 0:00:00]} 68. Ne2 {[%emt 0:00:00]} Kh2 {[%emt 0:00:00]} 69. Qg1+ {[%emt 0:00:01]} Kh3 {[%emt 0:00:01]} 70. Qg3# {[%emt 0:00:00] (Lag: Av=0.65s, max=1.5s)} 1-0

[Event "Stay Safe Play From Home 214"]
[Site "T#646695Emanuel Laske"]
[Date "2020.06.10"]
[Round "1"]
[White "Haris kollari 13"]
[Black "SoulofWolf"]
[Result "0-1"]
[WhiteElo "1736"]
[BlackElo "2205"]
[Annotator "NA RC"]
[PlyCount "70"]
[EventDate "2020.06.10"]
[EventType "swiss (blitz)"]

1. e4 {[%emt 0:00:01]} e6 {[%emt 0:00:00]} 2. f4 {[%emt 0:00:01]} c5 {[%emt 0:00:00]} 3. e5 {[%emt 0:00:00]} d5 {[%emt 0:00:01]} 4. Nf3 {[%emt 0:00:01]} Nc6 {[%emt 0:00:00]} 5. b3 {[%emt 0:00:00]} d4 {[%emt 0:00:01]} 6. d3 {[%emt 0:00:01]} Nge7 {[%emt 0:00:01]} 7. Nbd2 {[%emt 0:00:00]} h5 {[%emt 0:00:01]} 8. Ne4 {[%emt 0:00:01]} Nf5 {[%emt 0:00:00]} 9. Be2 {[%emt 0:00:02]} Be7 {[%emt 0:00:01]} 10. O-O {[%emt 0:00:01]} b6 {[%emt 0:00:00]} 11. Bd2 {[%emt 0:00:01]} Bb7 {[%emt 0:00:00]} 12. Qe1 {[%emt 0:00:01]} Qd7 {[%emt 0:00:00]} 13. a4 {[%emt 0:00:01]} a5 {[%emt 0:00:01]} 14. Rc1 {[%emt 0:00:02]} f6 {[%emt 0:00:02]} 15. exf6 {[%emt 0:00:02]} gxf6 {[%emt 0:00:00]} 16. h3 {[%emt 0:00:02]} Rg8 {[%emt 0:00:01]} 17. Kh2 {[%emt 0:00:01]} Kd8 {[%emt 0:00:01]} 18. Rg1 {[%emt 0:00:03]} Kc7 {[%emt 0:00:01]} 19. g4 {[%emt 0:00:02]} hxg4 {[%emt 0:00:01]} 20. hxg4 {[%emt 0:00:01]} Rh8+ {[%emt 0:00:01]} 21. Kg2 {[%emt 0:00:01]} Rag8 {[%emt 0:00:02]} 22. Kf1 {[%emt 0:00:04]} Ne3+ {[%emt 0:00:02]} 23. Bxe3 {[%emt 0:00:01]} dxe3 {[%emt 0:00:00]} 24. Qg3 {[%emt 0:00:03]} Nd4 {[%emt 0:00:01]} 25. Nxd4 {[%emt 0:00:04]} cxd4 {[%emt 0:00:00]} 26. f5+ {[%emt 0:00:02]} e5 {[%emt 0:00:01]} 27. c3 {[%emt 0:00:04]} Kb8 {[%emt 0:00:02]} 28. cxd4 {[%emt 0:00:01]} Qxd4 {[%emt 0:00:00]} 29. Rc4 {[%emt 0:00:02]} Qa1+ {[%emt 0:00:03]} 30. Kg2 {[%emt 0:00:02]} Qa2 {[%emt 0:00:05]} 31. Kf3 {[%emt 0:00:01]} Bd5 {[%emt 0:00:04]} 32. Rgc1 {[%emt 0:00:04]} Bxc4 {[%emt 0:00:01]} 33. dxc4 {[%emt 0:00:01]} Qxb3 {[%emt 0:00:01]} 34. Rc3 {[%emt 0:00:01]} Qb4 {[%emt 0:00:03]} 35. Kxe3 {[%emt 0:00:01]} Bc5+ {[%emt 0:00:01] Time (Lag: Av=0.41s, max=1.3s)} 0-1

[Event "Stay Safe Play From Home 214"]
[Site "T#646695Emanuel Laske"]
[Date "2020.06.10"]
[Round "1"]
[White "Klasman"]
[Black "Castlingarrocco"]
[Result "0-1"]
[WhiteElo "1421"]
[BlackElo "2033"]
[Annotator "TA"]
[PlyCount "54"]
[EventDate "2020.06.10"]
[EventType "swiss (blitz)"]

{[%evp 9,54,10,36,33,45,45,47,28,24,24,24,-48,-44,-94,-99,-367,-101,-145,-144,-289,-301,-263,-203,-230,-166,-208,-102,-225,-30,-93,-85,-78,0,0,15,12,11,0,75,0,0,0,0,-37,-4,-10,-15]} 1. f4 g6 2. e3 Bg7 3. d4 d6 4. c4 {[#]} a6 $146 ({Predecessor:} 4... c5 5. Nc3 cxd4 6. exd4 Nc6 7. d5 Nd4 8. Nf3 Nxf3+ 9. Qxf3 Nh6 10. Be3 Nf5 {0-1 (42) Romanjko,A (2041)-Okladnikov,G (2194) Novosibirsk 2009}) 5. Nc3 b6 6. Nf3 {A40: Unusual replies to 1 d4.} Bb7 7. Bd3 Nd7 8. Bd2 {White is slightly better.} e5 9. fxe5 dxe5 10. dxe5 (10. O-O $11) 10... Nxe5 11. Nxe5 Bxe5 12. Bc2 $2 {[%mdl 8192] [#]} (12. Be4 $17 {might work better.} Bxe4 13. Nxe4) 12... Qe7 $2 ({Less strong is} 12... Qh4+ 13. Kf1 $19) (12... Bxg2 $19 {is more deadly.} 13. Rf1 Qh4+ 14. Rf2 Nh6) 13. O-O O-O-O 14. Qg4+ (14. Qe1 $17 {was called for.}) 14... f5 $19 15. Qe2 Nf6 16. Rad1 c5 17. a3 Bc7 (17... Rhe8 $19 {White must now prevent ...Ng4.} 18. Be1 Ng4 19. Rxd8+ Qxd8) 18. b4 (18. e4 $17) 18... Ne4 $2 ({Much less strong is} 18... cxb4 19. axb4 Qxb4 20. Nd5) (18... Qe5 $19 19. g3 Rhe8) 19. Nxe4 (19. Bxe4 $1 $11 {remains equal.} Bxe4 {[#]} 20. Nd5 $1 {[%mdl 512]} (20. Nxe4 Qxe4 21. bxc5 bxc5 $17) 20... Bxd5 21. cxd5) 19... Bxe4 $17 20. Bxe4 fxe4 ({Better is} 20... Qxe4 $17 21. Bc1 Rxd1 22. Rxd1 Rd8 23. bxc5 bxc5 24. Rxd8+ Kxd8) 21. Bc3 Rhf8 22. Qg4+ Kb8 23. Rxf8 Rxf8 (23... Qxf8 $11 24. Rxd8+ Qxd8) 24. Rd5 ({White should try} 24. Rd7 $16 Qe8 25. bxc5 (25. Rxh7 cxb4 26. axb4 Qa4 $16)) 24... Rd8 $11 (24... Qf7 $5 25. Qe2 $8 Kb7 $11) 25. Rxd8+ Qxd8 26. Qe2 Qe7 27. h3 Qd6 {[%mdl 32768] White happily takes the draw. Accuracy: White = 32%, Black = 43%. . Loss on time!?} 0-1

[Event "Stay Safe Play From Home 214"]
[Site "T#646695Emanuel Laske"]
[Date "2020.06.10"]
[Round "2"]
[White "Mepe_Nika"]
[Black "Toosieslide"]
[Result "1-0"]
[WhiteElo "2358"]
[BlackElo "2222"]
[Annotator "TA"]
[PlyCount "65"]
[EventDate "2020.06.10"]
[EventType "swiss (blitz)"]

{[%evp 13,65,0,0,-3,0,-10,4,4,22,-20,17,4,8,5,8,-10,-8,-129,-18,-37,-28,-42,8,16,4,10,20,27,81,49,66,60,178,174,187,197,190,180,202,200,254,240,312,313,305,301,1102,321,1083,1077,1153,1087,29991,29992]} 1. d4 d5 2. Bf4 Nf6 3. e3 c5 4. c3 Nc6 5. Nd2 e6 6. Ngf3 Bd6 7. Bxd6 Qxd6 8. Bb5 {D02: 1 d4 d5 2 Nf3 sidelines, including 2...Nf6 3 g3 and 2...Nf6 3 Bf4.} O-O 9. Bxc6 bxc6 10. O-O {The position is equal.} Nd7 11. Qc2 e5 12. dxe5 Nxe5 13. Nxe5 Qxe5 14. Nf3 {[#]} Qf6 $146 ({Predecessor:} 14... Qh5 15. h3 Bxh3 16. gxh3 Qxf3 17. Kh2 f5 18. Qd1 Qe4 19. Rg1 Rf6 20. Qh5 Raf8 {0-1 (44) Acs,B (1610)-Balogh,P (2002) Hungary 2013}) 15. h3 {[#]} (15. Nd2 $11) 15... Be6 ({Black should play} 15... Bxh3 $1 $17 {[%mdl 512] And now ...Rae8 would win.} 16. c4 (16. gxh3 Qxf3) 16... Bg4) 16. Qe2 Rab8 17. b3 Qxc3 18. Rac1 $36 {[%mdl 2048] White fights for an advantage.} Qb4 19. Qc2 c4 20. bxc4 dxc4 (20... Qxc4 $11 {keeps the balance.} 21. Nd4 c5 22. Qxc4 dxc4 23. Nxe6 fxe6) 21. Nd4 Bd5 22. e4 Be6 ({Better is} 22... c5 $14 23. Nf5 Bb7) 23. Nxc6 $18 {[%mdl 64] [#] Double Attack} Qc5 24. Nxb8 Rxb8 25. Kh1 h6 26. f4 f5 27. e5 Rf8 28. Rfd1 Bd5 29. Qc3 Qf2 $2 (29... Re8 30. Rc2 Bf7) 30. Rd2 $2 (30. Rxd5 Qxf4 31. e6) 30... Qxf4 $2 (30... Qc5 31. Rcd1 Bf7) 31. Rxd5 Qe4 32. Qxc4 Qe3 33. Rd3+ {[%mdl 64] Discovered Attack. Accuracy: White = 69%, Black = 39%.} 1-0

[Event "Stay Safe Play From Home 214"]
[Site "T#646695Emanuel Laske"]
[Date "2020.06.10"]
[Round "2"]
[White "BrainThinker22"]
[Black "Justwatch"]
[Result "1-0"]
[WhiteElo "2269"]
[BlackElo "1781"]
[Annotator "NA RC"]
[PlyCount "97"]
[EventDate "2020.06.10"]
[EventType "swiss (blitz)"]

1. e4 {[%emt 0:00:01]} Nf6 {[%emt 0:00:01]} 2. Nc3 {[%emt 0:00:01]} e5 {[%emt 0:00:01]} 3. Nf3 {[%emt 0:00:01]} d6 {[%emt 0:00:00]} 4. d4 {[%emt 0:00:00]} Nc6 {[%emt 0:00:00]} 5. d5 {[%emt 0:00:01]} Nd4 {[%emt 0:00:01]} 6. Bb5+ {[%emt 0:00:00]} Bd7 {[%emt 0:00:02]} 7. Bxd7+ {[%emt 0:00:01]} Qxd7 {[%emt 0:00:00]} 8. Nxd4 {[%emt 0:00:00]} exd4 {[%emt 0:00:01]} 9. Qxd4 {[%emt 0:00:00]} g6 {[%emt 0:00:01]} 10. O-O {[%emt 0:00:00]} Bg7 {[%emt 0:00:02]} 11. Re1 {[%emt 0:00:00]} O-O {[%emt 0:00:01]} 12. Qb4 {[%emt 0:00:02]} b6 {[%emt 0:00:01]} 13. h3 {[%emt 0:00:01]} Rae8 {[%emt 0:00:02]} 14. Bg5 {[%emt 0:00:01]} a5 {[%emt 0:00:00]} 15. Qb5 {[%emt 0:00:01]} Qd8 {[%emt 0:00:02]} 16. Qd3 {[%emt 0:00:02]} h6 {[%emt 0:00:01]} 17. Bh4 {[%emt 0:00:01]} g5 {[%emt 0:00:01]} 18. Bg3 {[%emt 0:00:01]} Nh5 {[%emt 0:00:01]} 19. Bh2 {[%emt 0:00:00]} Be5 {[%emt 0:00:01]} 20. Bxe5 {[%emt 0:00:01]} Rxe5 {[%emt 0:00:00]} 21. Nb5 {[%emt 0:00:00]} Nf4 {[%emt 0:00:02]} 22. Qf3 {[%emt 0:00:02]} Qd7 {[%emt 0:00:01]} 23. Nd4 {[%emt 0:00:01]} Ng6 {[%emt 0:00:09]} 24. Nc6 {[%emt 0:00:01]} Nh4 {[%emt 0:00:02]} 25. Qg3 {[%emt 0:00:01]} Ree8 {[%emt 0:00:03]} 26. f4 {[%emt 0:00:01]} f6 {[%emt 0:00:02]} 27. Rad1 {[%emt 0:00:02]} Qg7 {[%emt 0:00:02]} 28. e5 {[%emt 0:00:01]} fxe5 {[%emt 0:00:01]} 29. fxe5 {[%emt 0:00:00]} Rxe5 {[%emt 0:00:01]} 30. Rxe5 {[%emt 0:00:00]} Qxe5 {[%emt 0:00:01]} 31. Nxe5 {[%emt 0:00:00]} dxe5 {[%emt 0:00:01]} 32. Qxe5 {[%emt 0:00:00]} Ng6 {[%emt 0:00:03]} 33. Qxc7 {[%emt 0:00:01]} Rf7 {[%emt 0:00:01]} 34. Qb8+ {[%emt 0:00:01]} Kg7 {[%emt 0:00:00]} 35. Qxb6 {[%emt 0:00:00]} Nf4 {[%emt 0:00:00]} 36. d6 {[%emt 0:00:01]} Ne2+ {[%emt 0:00:01]} 37. Kh2 {[%emt 0:00:00]} Nf4 {[%emt 0:00:02]} 38. d7 {[%emt 0:00:01]} Rf6 {[%emt 0:00:01]} 39. Qc7 {[%emt 0:00:02]} Ne6 {[%emt 0:00:02]} 40. d8=Q+ {[%emt 0:00:01]} Kg6 {[%emt 0:00:02]} 41. Rd7 {[%emt 0:00:00]} Nf4 {[%emt 0:00:02]} 42. Qxf6+ {[%emt 0:00:01]} Kxf6 {[%emt 0:00:01]} 43. Qd6+ {[%emt 0:00:01]} Kf5 {[%emt 0:00:00]} 44. Rf7+ {[%emt 0:00:00]} Ke4 {[%emt 0:00:00]} 45. Rxf4+ {[%emt 0:00:06]} gxf4 {[%emt 0:00:01]} 46. Qd3+ {[%emt 0:00:00]} Ke5 {[%emt 0:00:02]} 47. Qb5+ {[%emt 0:00:00]} Ke4 {[%emt 0:00:01]} 48. Qxa5 {[%emt 0:00:00]} f3 {[%emt 0:00:00]} 49. Qe1+ {[%emt 0:00:00] Zaman (Lag: Av=0.44s, max=0.6s) '} 1-0

[Event "Stay Safe Play From Home 214"]
[Site "T#646695Emanuel Laske"]
[Date "2020.06.10"]
[Round "2"]
[White "SoulofWolf"]
[Black "Haxhi Baha"]
[Result "1-0"]
[WhiteElo "2208"]
[BlackElo "1959"]
[Annotator "TA"]
[PlyCount "99"]
[EventDate "2020.06.10"]
[EventType "swiss (blitz)"]

{[%evp 9,99,41,46,50,41,48,62,44,59,53,63,24,54,31,39,-55,20,-7,-18,-10,68,0,25,-24,-5,-50,-49,-74,-24,-42,-40,-106,-99,-118,432,422,431,414,29998,543,744,398,744,734,774,766,754,768,754,735,729,695,771,769,755,674,980,975,1112,975,937,956,1085,906,1146,1039,1457,1408,4099,4100,1950,1157,1322,1801,4084,2158,4076,1780,1751,960,1404,753,1427,1315,1765,721,29977,29977,29972,1740,29970,187]} 1. c4 d6 2. Nc3 e5 3. Nf3 Nc6 4. d4 exd4 5. Nxd4 Bd7 6. g3 {A41: 1 d4 d6: Tartakower System and Modern Defence.} Nf6 7. Bg2 Be7 8. Nc2 {White is slightly better.} O-O 9. O-O Rb8 {[#]} 10. a3 $146 ({Predecessor:} 10. b3 Bf5 11. e4 Bg4 12. f3 Bh5 13. Qd2 Re8 {0-1 (13) Djokic,N (2320)-Ivanisevic,I (2593) Belgrade 2019}) 10... Ne5 11. Ne3 c6 12. b4 (12. f4 $14 Ng6 13. Qd4) 12... a5 (12... Be6 $15) 13. Bb2 axb4 14. axb4 Qb6 (14... Nfg4 $11 15. Nxg4 Bxg4) 15. Ba3 (15. c5 $14 Qc7 16. Na4) 15... Ra8 16. Qc1 Rfd8 17. h3 Be6 18. Nb1 Ra4 19. Rd1 Rda8 20. c5 (20. Nd2 $1 $15) 20... dxc5 $17 21. bxc5 Bxc5 $2 {[%mdl 8192] A mistake that costs the game.} (21... Qa7 $17 {keeps the pressure on.} 22. Nc2 Bb3) 22. Bxc5 $18 {And now Rxa4 would win.} Qb5 23. Rxa4 Rxa4 (23... Qxa4 $18 24. Qb2 Nfd7) 24. Bd6 (24. Rd8+ $142 Ne8 25. Rxe8#) 24... Ned7 25. Nc2 h6 $2 (25... Qc4 26. Qd2 Ra6) 26. Nc3 {[%mdl 64] Double Attack} Qc4 27. Ne3 Qb3 28. Nxa4 Qxa4 29. Qa1 Qb5 30. Bf1 b6 31. Rb1 Qh5 32. g4 Nxg4 33. hxg4 Qh4 34. Ng2 Qxg4 35. Bg3 Nf6 36. Qa3 Bd5 37. Rb4 Qh3 38. e4 Bxe4 39. Qa8+ Kh7 {[#]} 40. Rxe4 $1 Nxe4 {[#]} 41. Bd3 $1 f5 42. Qxc6 Qg4 43. Bxe4 fxe4 44. Qc1 Qe2 45. Qe3 Qd1+ 46. Kh2 Qd7 47. Qf4 g6 48. Ne3 Qe6 49. Qe5 (49. Qc7+ $142 Kg8 50. Kg1 Kf8 51. Bd6+ Ke8 52. Qxb6 Kd7 53. Qc7+ Ke8 54. Bf4) 49... Qf7 50. Nc4 $2 {Accuracy: White = 34%, Black = 26%.} (50. Ng4 {mates} b5 51. Nf6+ {[%mdl 64] Double Attack} Kg7 52. Nxe4+ Kg8 53. Nf6+ Kg7 54. Qxb5 Qe7 55. Be5) 1-0